000 00679nam a2200205 4500
001 174454
003 ES-MaACL
005 20231226204640.0
008 100423s1922 sp |||| | spa d
080 _a821.134.2-32"19"
100 1 _aPérez de Ayala, Ramón,
_d1880-1962
_990763
245 1 0 _aPandorga
_b: novela /
_cRamón Pérez de Ayala ; ilustraciones de Máximo Ramos.
260 _aMadrid :
_b[s.n.],
_c1922 (
_fSucesores de Rivadeneyra)
300 _a62 p. :
_bil. ;
_c15 cm.
490 1 _aLa novela de hoy ;
_vn. 3
700 1 _aRamos, Máximo.
_9142570
830 0 _aLa novela de hoy ;
_vn. 3
_9148102
852 4 _aES-MaACL
_j2256-F-36
999 _c174454
_d174454